The hellenistic settlements in Europe, the islands, and Asia Minor

Αποθηκεύτηκε σε:
Λεπτομέρειες βιβλιογραφικής εγγραφής
Κύριος συγγραφέας: Cohen, Getzel M.
Μορφή: Βιβλίο
Γλώσσα:English
Δημοσίευση: Berkeley : University of California Press, 1995
Σειρά:Hellenistic culture and society ; ; 17
Θέματα:
Ετικέτες: Προσθήκη ετικέτας
Δεν υπάρχουν, Καταχωρήστε ετικέτα πρώτοι!

MARC

LEADER 00000nam a2200000 i 4500
001 1/89491
008 990913s1995 eng d
020 |a 0-520-08329-6 
035 |l 10052804 
040 |a GR-MY-UA  |b gre  |e aacr 
041 0 |a eng 
082 0 |a 930.00971238 
100 1 |a Cohen, Getzel M. 
245 1 4 |a The hellenistic settlements in Europe, the islands, and Asia Minor /  |c Getzel M.Cohen 
260 |a Berkeley :   |b University of California Press,   |c 1995 
300 |a 481 p. 
490 1 |a Hellenistic culture and society  |v ; 17 
650 0 0 |a Greeks  |x Colonization  |x History. 
651 0 |a Greece  |x Colonies  |x History. 
651 0 |a Greece  |x History  |y Macedonian Hegemony, 323-281 B.C. 
651 0 |a Greece  |x History  |y 146 B.C.-323 A.D. 
830 0 |a Hellenistic culture and society ;  |v ; 17 
852 |a INST  |b RHODES  |e 19990913  |h 930.00971238 COH  |p 005400011863  |q 005400011863  |t BK  |y 0 
901 |a BIBL4-1999-3 
909 |a Ρ  |b 066665 
922 |a 4ΕΛΗ  |b 199906  |c ΚΠΣ/124  |d GL 
970 |a ΤΕΡΝΕΖΗΣ  |b ΧΡΗΣΤΟΣ  |z 1999/09/13